The Pope's Name Is My Name Too! Quiz Stats

 Plays Quiz Updated Feb 19, 2018

Score 0/25 Timer 10:00
1 Play Today
Description Papal Name % Correct
Star of 'Rocky' and 'Rambo' moviesSYLVESTER
93.9%
Co-founder, CEO, and chairman of FacebookMARK
93.1%
Poster of 95 Theses, beginner of the Protestant ReformationMARTIN
92.5%
Author of 'Cujo,' 'The Shining,' and 'The Stand'STEPHEN
92.4%
General who helped found the Roman EmpireJULIUS
92%
26th President of the United StatesTHEODORE
91.9%
Arizona senator and 2008 Presidential candidateJOHN
91.7%
Director of the Godfather trilogyFRANCIS
89.2%
'War and Peace' authorLEO
88.9%
Author of 'Les Misérables' and 'The Hunchback of Notre Dame'VICTOR
88.4%
Part of a musical duo with Art GarfunkelPAUL
87.9%
Academy Award winner for 'To Kill a Mockingbird'GREGORY
86.2%
Portrayer of Sherlock Holmes and Dr. StrangeBENEDICT
86%
Description Papal Name % Correct
First US Secretary of the Treasury; subject of a popular musicalALEXANDER
82%
Director of the Lord of the Rings trilogyPETER
80.3%
Spock in the 'Star Trek' rebootZACHARY
63.3%
Author of 'The Notebook' and 'Dear John'NICHOLAS
62.9%
Either an early American naval commander or the bassist from Led ZeppelinJOHN PAUL
61.4%
Running back with twelfth most yards in NFL historyADRIAN
52.2%
Coach of Ohio State's football teamURBAN
48.6%
British Prime Minister from 1945 to 1951CLEMENT
47.5%
'The Iceman Cometh' playwrightEUGENE
47.1%
Double Nobel Prize winner; founder of molecular biologyLINUS
44.8%
Railroad magnate and famous CommodoreCORNELIUS
42.2%
Skydiver who broke the sound barrier by jumping from spaceFELIX
26.8%

You're not logged in!

Compare scores with friends on all Sporcle quizzes.
OR
Log In

Sporcle TV

Today on Sporcle TV


Watch our educational content, quiz creation guides, and fun videos on Sporcle TV.

Show Comments

Extras

Top Quizzes Today


Score Distribution

Your Account Isn't Verified!

In order to create a playlist on Sporcle, you need to verify the email address you used during registration. Go to your Sporcle Settings to finish the process.

Report this User

Report this user for behavior that violates our Community Guidelines.

Details: